000 00443nam a2200157 i 4500
001 99435
003 ES-MaACL
005 20230906182510.0
007 t|
008 050908s1972 sp ||||1| spa d
100 1 _aMartín Vigil, José Luis.
_977676
245 1 0 _aPrimer amor, primer dolor /
_cJosé Luis Martín Vigil.
260 _aOviedo :
_bRichard Grandio,
_c1972.
300 _a310 p. ;
_c20 cm.
852 _aES-MaACL
_jC-49316
_bR.84239
999 _c99435
_d99435